[Event "Titled Tuesday intern op 16th Apr Early"]
[Site "Chess.com INT"]
[Date "2024.04.16"]
[Round "1"]
[White "Chyzy, Jakub"]
[Black "Salinas Herrera, Pablo Patricio"]
[Result "1-0"]
[WhiteElo "2314"]
[BlackElo "2487"]
[PlyCount "99"]
[EventDate "2024.04.16"]
[EventType "swiss (blitz)"]
[EventRounds "11"]
[EventCountry "USA"]
[SourceTitle "CB17_2024"]
[SourceDate "2024.04.24"]
[SourceVersion "1"]
[SourceVersionDate "2024.04.24"]
[SourceQuality "1"]

1. e4 c5 2. Nf3 e6 3. d4 cxd4 4. Nxd4 a6 5. Nc3 Qc7 6. Bd3 d6 7. 0-0 Nd7 8. Kh1 g6 9. f4 Bg7 10. Nb3 Ngf6 11. Bd2 0-0 12. a4 b6 13. Qf3 Bb7 14. Rae1 Rac8 15. Qh3 Rfe8 16. f5 Ne5 17. fxe6 fxe6 18. Nd4 Qe7 19. Bg5 Nf7 20. Be3 Nd7 21. Nf3 Nc5 22. Bd4 Ng5 23. Nxg5 Qxg5 24. Bxg7 Kxg7 25. Rf3 Rf8 26. Ref1 Rxf3 27. Qxf3 Qe7 28. b4 Nd7 29. Nd1 Rf8 30. Qe2 Rxf1+ 31. Qxf1 a5 32. bxa5 bxa5 33. Nb2 Nc5 34. Nc4 Qc7 35. e5 dxe5 36. Qe1 e4 37. Be2 Kg8 38. Qxa5 Qxa5 39. Nxa5 Bd5 40. Bb5 e3 41. Kg1 Be4 42. Nc4 Bxc2 43. a5 e2 44. Kf2 Bd1 45. Nd2 Ba4 46. Bxe2 Bc6 47. Nc4 Kf8 48. Ne5 Bd5 49. a6 Ke7 50. a7 1-0

[Event "Titled Tuesday intern op 16th Apr Early"]
[Site "Chess.com INT"]
[Date "2024.04.16"]
[Round "3"]
[White "Rustemov, Alexander"]
[Black "Chyzy, Jakub"]
[Result "1/2-1/2"]
[WhiteElo "2525"]
[BlackElo "2314"]
[PlyCount "81"]
[EventDate "2024.04.16"]
[EventType "swiss (blitz)"]
[EventRounds "11"]
[EventCountry "USA"]
[SourceTitle "CB17_2024"]
[SourceDate "2024.04.24"]
[SourceVersion "1"]
[SourceVersionDate "2024.04.24"]
[SourceQuality "1"]

1. d4 Nf6 2. c4 e6 3. Nf3 a6 4. Nc3 d5 5. cxd5 exd5 6. Bg5 Be6 7. e3 Nbd7 8. Bd3 Bd6 9. Qc2 c6 10. Bf4 Qe7 11. Bxd6 Qxd6 12. h3 0-0 13. 0-0 c5 14. dxc5 Nxc5 15. Rfd1 Rac8 16. Rac1 Qb6 17. Nd4 Nfe4 18. Qb1 Nxd3 19. Rxd3 Rc7 20. Nxe6 Nxc3 21. Rdxc3 Rxc3 22. Rxc3 fxe6 23. Qc2 e5 24. Rc7 h6 25. Rd7 d4 26. exd4 exd4 27. Qc4+ Kh8 28. Qxd4 Qg6 29. Rxb7 Re8 30. Rd7 Re1+ 31. Kh2 Re2 32. a4 a5 33. h4 Re4 34. Rd8+ Kh7 35. Qd3 Rxh4+ 36. Kg1 Qxd3 37. Rxd3 Rxa4 38. g3 Rb4 39. b3 a4 40. bxa4 Rxa4 41. Kg2 1/2-1/2

[Event "Wch U18"]
[Site "Montesilvano"]
[Date "2023.11.16"]
[Round "4"]
[White "Miotto, Alberto"]
[Black "Chyzy, Jakub"]
[Result "0-1"]
[WhiteElo "2017"]
[BlackElo "2286"]
[PlyCount "36"]
[EventDate "2023.11.13"]
[EventType "swiss"]
[EventRounds "11"]
[EventCountry "ITA"]
[SourceTitle "CB48_2023"]
[SourceDate "2023.11.29"]
[SourceVersion "1"]
[SourceVersionDate "2023.11.29"]
[SourceQuality "1"]

1. d4 Nf6 2. c4 e6 3. Nf3 b6 4. e3 Bb7 5. Bd3 Bb4+ 6. Nbd2 0-0 7. a3 Bxd2+ 8. Bxd2 Ne4 9. Bc1 f5 10. b4 d6 11. Bb2 Nd7 12. 0-0 Rf6 13. d5 Rg6 14. Qc2 b5 15. Nd4 Ne5 16. Nxe6 Nf3+ 17. Kh1 Qh4 18. h3 Qg3 0-1

[Event "Wch U18"]
[Site "Montesilvano"]
[Date "2023.11.15"]
[Round "3"]
[White "Chyzy, Jakub"]
[Black "Israilov, Agil"]
[Result "1-0"]
[WhiteElo "2286"]
[BlackElo "2070"]
[PlyCount "67"]
[EventDate "2023.11.13"]
[EventType "swiss"]
[EventRounds "11"]
[EventCountry "ITA"]
[SourceTitle "CB48_2023"]
[SourceDate "2023.11.29"]
[SourceVersion "1"]
[SourceVersionDate "2023.11.29"]
[SourceQuality "1"]

1. e4 c5 2. Nf3 e6 3. d4 cxd4 4. Nxd4 a6 5. Bd3 Bc5 6. Nb3 Ba7 7. Qe2 Ne7 8. Nc3 0-0 9. e5 Nbc6 10. Bg5 Qc7 11. 0-0-0 Ng6 12. f4 h6 13. h4 Re8 14. Bxg6 fxg6 15. h5 Qb6 16. Qg4 Qe3+ 17. Kb1 Nxe5 18. fxe5 Qxg5 19. Qxg5 hxg5 20. hxg6 Bb8 21. Ne4 Bxe5 22. Nxg5 Bf6 23. Nf7 Kf8 24. Nd6 Rd8 25. Nc5 Ke7 26. g4 b6 27. Nce4 Rf8 28. Rdf1 Rg8 29. Rxf6 gxf6 30. Rh7+ Kd8 31. Nf7+ Kc7 32. g7 Bb7 33. Nxf6 Rgc8 34. Nh6 1-0

[Event "Titled Tuesday intern op 26th Sep Early"]
[Site "Chess.com INT"]
[Date "2023.09.26"]
[Round "2"]
[White "Chyzy, Jakub"]
[Black "Silva, Pedro Gil Ferreira"]
[Result "0-1"]
[WhiteElo "2286"]
[BlackElo "2212"]
[PlyCount "44"]
[EventDate "2023.09.26"]
[EventType "swiss (blitz)"]
[EventRounds "11"]
[EventCountry "USA"]
[SourceTitle "EXT 2024"]
[Source "ChessBase"]
[SourceDate "2023.10.10"]
[SourceVersion "1"]
[SourceVersionDate "2023.10.10"]
[SourceQuality "1"]

1. b3 c5 2. Bb2 Nc6 3. e3 d5 4. f4 a6 5. Nf3 Nf6 6. Be2 g6 7. 0-0 Bg7 8. Qe1 0-0 9. d3 d4 10. e4 Ng4 11. Bc1 Ne3 12. Bxe3 dxe3 13. Nc3 Nd4 14. Bd1 Nxf3+ 15. Bxf3 Qd4 16. Nd5 e2+ 17. Rf2 Qxa1 18. Qxa1 Bxa1 19. Nxe7+ Kg7 20. Rxe2 Bd4+ 21. Kf1 Be6 22. f5 Bf6 0-1

[Event "Titled Tuesday intern op 26th Sep Early"]
[Site "Chess.com INT"]
[Date "2023.09.26"]
[Round "3"]
[White "Zimmermann, Ulrich"]
[Black "Chyzy, Jakub"]
[Result "1-0"]
[WhiteElo "2280"]
[BlackElo "2286"]
[PlyCount "65"]
[EventDate "2023.09.26"]
[EventType "swiss (blitz)"]
[EventRounds "11"]
[EventCountry "USA"]
[SourceTitle "EXT 2024"]
[Source "ChessBase"]
[SourceDate "2023.10.10"]
[SourceVersion "1"]
[SourceVersionDate "2023.10.10"]
[SourceQuality "1"]

1. Nf3 Nf6 2. e3 d6 3. Be2 Nbd7 4. 0-0 e5 5. d4 Be7 6. c4 0-0 7. Nc3 c6 8. b4 e4 9. Nd2 d5 10. Qb3 Nb6 11. c5 Nbd7 12. a4 Re8 13. b5 Nf8 14. a5 a6 15. bxc6 bxc6 16. Na4 Be6 17. Nb6 Rb8 18. Bxa6 Ng4 19. Be2 Qc7 20. f4 exf3 21. Nxf3 Ng6 22. h3 Nf6 23. a6 Qa7 24. Ng5 Ne4 25. Nxe4 dxe4 26. Bc4 Bxc4 27. Qxc4 Bd8 28. Bd2 Bxb6 29. cxb6 Rxb6 30. Bb4 Rb5 31. Qxc6 Rbb8 32. Bc5 Qa8 33. Qd7 1-0

[Event "Titled Tuesday intern op 12th Sep Early"]
[Site "Chess.com INT"]
[Date "2023.09.12"]
[Round "6"]
[White "Csonka, Balazs"]
[Black "Chyzy, Jakub"]
[Result "1-0"]
[WhiteElo "2469"]
[BlackElo "2286"]
[PlyCount "79"]
[EventDate "2023.09.12"]
[EventType "swiss (blitz)"]
[EventRounds "11"]
[EventCountry "USA"]
[SourceTitle "EXT 2024"]
[Source "ChessBase"]
[SourceDate "2023.10.10"]
[SourceVersion "1"]
[SourceVersionDate "2023.10.10"]
[SourceQuality "1"]

1. d4 Nf6 2. c4 d6 3. Nf3 Nbd7 4. g3 e5 5. Bg2 Be7 6. 0-0 0-0 7. Nc3 c6 8. e4 a6 9. Qe2 b5 10. a3 Bb7 11. Rd1 Rb8 12. dxe5 dxe5 13. Nxe5 Nxe5 14. Rxd8 Rbxd8 15. cxb5 cxb5 16. Bf4 Nd3 17. e5 Nxf4 18. gxf4 Nd5 19. Nxd5 Bxd5 20. Bxd5 Rxd5 21. Rd1 Rfd8 22. Rxd5 Rxd5 23. Qf3 Rd8 24. Qb7 Bf8 25. Qxa6 b4 26. a4 Rd2 27. b3 Rd4 28. Qb7 Rd1+ 29. Kg2 Ra1 30. Qb6 Ra3 31. Qe3 g6 32. f5 gxf5 33. Qg5+ Bg7 34. Qd8+ Bf8 35. Qg5+ Bg7 36. Qxf5 Rxb3 37. e6 f6 38. e7 Kf7 39. e8Q+ Kxe8 40. Qe6+ 1-0

[Event "Titled Tuesday intern op 12th Sep Early"]
[Site "Chess.com INT"]
[Date "2023.09.12"]
[Round "5"]
[White "Mirzanurov, Bulat"]
[Black "Chyzy, Jakub"]
[Result "0-1"]
[WhiteElo "2232"]
[BlackElo "2286"]
[PlyCount "74"]
[EventDate "2023.09.12"]
[EventType "swiss (blitz)"]
[EventRounds "11"]
[EventCountry "USA"]
[SourceTitle "EXT 2024"]
[Source "ChessBase"]
[SourceDate "2023.10.10"]
[SourceVersion "1"]
[SourceVersionDate "2023.10.10"]
[SourceQuality "1"]

1. e4 Nf6 2. e5 Nd5 3. d4 d6 4. c4 Nb6 5. exd6 exd6 6. Nc3 Be7 7. Bd3 0-0 8. Nge2 Bf6 9. 0-0 Nc6 10. Be3 d5 11. c5 Nc4 12. Bxc4 dxc4 13. d5 Nb4 14. a3 Nd3 15. b3 Bg4 16. f3 Re8 17. Bd4 Bxd4+ 18. Nxd4 Qf6 19. Nce2 Bd7 20. bxc4 Nxc5 21. Nc3 Re3 22. Ne4 Nxe4 23. fxe4 Qe5 24. Rb1 b6 25. Nf3 Qxe4 26. Ng5 Qxc4 27. Rxf7 Qc5 28. Kh1 Rae8 29. Rxd7 Qb5 30. h3 Qxd7 31. Qh5 g6 32. Qh6 Re1+ 33. Rxe1 Rxe1+ 34. Kh2 Qd6+ 35. g3 Re2+ 36. Kh1 Qxd5+ 37. Kg1 Qg2# 0-1

[Event "POL-ch Blitz U18"]
[Site "Bydgoszcz"]
[Date "2023.08.31"]
[Round "7"]
[White "Kacprzak, Karol1111"]
[Black "Chyzy, Jakub"]
[Result "1-0"]
[WhiteElo "2315"]
[BlackElo "2098"]
[PlyCount "173"]
[EventDate "2023.08.28"]
[EventType "swiss"]
[EventRounds "10"]
[EventCountry "POL"]
[SourceTitle "EXT 2024"]
[Source "ChessBase"]
[SourceDate "2023.10.10"]
[SourceVersion "1"]
[SourceVersionDate "2023.10.10"]
[SourceQuality "1"]

1. e4 e5 2. Nf3 Nc6 3. Bb5 a6 4. Ba4 Bc5 5. c3 Nge7 6. 0-0 Ba7 7. d4 Ng6 8. Be3 0-0 9. Nbd2 d6 10. Re1 b5 11. Bc2 Kh8 12. h3 f5 13. exf5 Bxf5 14. Bxf5 Rxf5 15. dxe5 Bxe3 16. Rxe3 Ncxe5 17. a4 bxa4 18. Rxa4 Qf6 19. Nxe5 Nxe5 20. Ne4 Qg6 21. Rg3 Qe8 22. Rd4 Qf7 23. Qe2 h6 24. Ra4 Rf8 25. f3 Ng6 26. Rg4 Nf4 27. Qd2 h5 28. Rg5 Rxg5 29. Nxg5 Qf5 30. Ne4 Qg6 31. Kh2 h4 32. Qf2 Qh6 33. Rxa6 Re8 34. Ra5 Nd3 35. Qd2 Nf4 36. Rf5 Ne6 37. Qxh6+ gxh6 38. Rh5 Kg7 39. Rxh4 d5 40. Ng3 Ng5 41. Rd4 c6 42. c4 Rb8 43. cxd5 Rxb2 44. Kg1 cxd5 45. Rxd5 Rb1+ 46. Kh2 Rb2 47. Rf5 Kg6 48. Rf4 Rf2 49. Ne4 Re2 50. Nxg5 hxg5 51. Ra4 Kf5 52. Kg3 Rb2 53. Ra5+ Kg6 54. Ra4 Kh5 55. h4 gxh4+ 56. Rxh4+ Kg5 57. Rg4+ Kf5 58. Rf4+ Kg5 59. Re4 Kf5 60. Kh3 Rf2 61. g4+ Kg5 62. Kg3 Rf1 63. Re5+ Kf6 64. Ra5 Rc1 65. f4 Rg1+ 66. Kf3 Rf1+ 67. Ke3 Re1+ 68. Kf2 Rb1 69. Ra6+ Kf7 70. Kg3 Rh1 71. f5 Rf1 72. Kh4 Rb1 73. Kg5 Rb7 74. Rh6 Kg7 75. Re6 Kf7 76. Kf4 Rb4+ 77. Re4 Rb1 78. Ra4 Rb7 79. g5 Ke7 80. Kg4 Kf7 81. Kh5 Kg7 82. Ra6 Kh7 83. Re6 Kg8 84. f6 Rb1 85. Kg6 Kf8 86. Re7 Rh1 87. Rh7 1-0

[Event "POL-ch Rapid U18"]
[Site "Bydgoszcz"]
[Date "2023.08.29"]
[Round "6"]
[White "Chyzy, Jakub"]
[Black "Seemann, Jakub"]
[Result "1-0"]
[WhiteElo "2119"]
[BlackElo "2357"]
[PlyCount "67"]
[EventDate "2023.08.28"]
[EventType "swiss"]
[EventRounds "11"]
[EventCountry "POL"]
[SourceTitle "EXT 2024"]
[Source "ChessBase"]
[SourceDate "2023.10.10"]
[SourceVersion "1"]
[SourceVersionDate "2023.10.10"]
[SourceQuality "1"]

1. e4 c6 2. Nf3 d5 3. Nc3 dxe4 4. Nxe4 Nf6 5. Qe2 Nxe4 6. Qxe4 Nd7 7. Bc4 Nf6 8. Ne5 e6 9. Qf4 Bd6 10. d4 0-0 11. 0-0 b5 12. Bd3 Qc7 13. Re1 Nd5 14. Qh4 f5 15. c3 Rb8 16. Bd2 c5 17. Re2 c4 18. Bc2 b4 19. Rae1 bxc3 20. Bxc3 Nxc3 21. bxc3 Bb7 22. Nf3 Bxf3 23. gxf3 h6 24. Rxe6 Rb2 25. Ba4 Qd8 26. Qh5 a6 27. h4 Rxa2 28. Re8 Qf6 29. Bc6 Kh7 30. R1e6 Qf7 31. Qxf7 Rxf7 32. Rxd6 Rc7 33. Bd5 g6 34. Red8 1-0

[Event "Titled Tuesday intern op 22nd Aug Early"]
[Site "Chess.com INT"]
[Date "2023.08.22"]
[Round "5"]
[White "Chyzy, Jakub"]
[Black "Kosteniuk, Alexandra"]
[Result "0-1"]
[WhiteElo "2267"]
[BlackElo "2532"]
[PlyCount "48"]
[EventDate "2023.08.22"]
[EventType "swiss (blitz)"]
[EventRounds "11"]
[EventCountry "USA"]
[SourceTitle "EXT 2024"]
[Source "ChessBase"]
[SourceDate "2023.10.10"]
[SourceVersion "1"]
[SourceVersionDate "2023.10.10"]
[SourceQuality "1"]

1. e4 c6 2. d4 d5 3. e5 c5 4. dxc5 e6 5. Nf3 Bxc5 6. Bd3 Ne7 7. a3 Ng6 8. b4 Bb6 9. 0-0 Nd7 10. Bb2 0-0 11. Re1 a5 12. Nbd2 Nf4 13. Bf1 f6 14. c4 fxe5 15. c5 Bc7 16. Nxe5 Nxe5 17. Bxe5 Bxe5 18. Rxe5 Qf6 19. Nf3 axb4 20. axb4 Rxa1 21. Qxa1 Nh3+ 22. gxh3 Qxf3 23. Rg5 Qxf2+ 24. Kh1 Qxf1+ 0-1

[Event "Titled Tuesday intern op 22nd Aug Early"]
[Site "Chess.com INT"]
[Date "2023.08.22"]
[Round "9"]
[White "Chyzy, Jakub"]
[Black "Kushko, Dmitriy"]
[Result "0-1"]
[WhiteElo "2267"]
[BlackElo "2426"]
[PlyCount "80"]
[EventDate "2023.08.22"]
[EventType "swiss (blitz)"]
[EventRounds "11"]
[EventCountry "USA"]
[SourceTitle "EXT 2024"]
[Source "ChessBase"]
[SourceDate "2023.10.10"]
[SourceVersion "1"]
[SourceVersionDate "2023.10.10"]
[SourceQuality "1"]

1. e4 g6 2. d4 Bg7 3. Nc3 d6 4. Be3 a6 5. Qd2 b5 6. 0-0-0 Bb7 7. f3 Nd7 8. Kb1 e6 9. h4 h6 10. g4 Ne7 11. Nge2 c5 12. dxc5 dxc5 13. Ng3 Qc7 14. f4 0-0-0 15. Qe1 Nc6 16. Bg2 Nd4 17. Qf2 Nf6 18. Bf3 Nxf3 19. Qxf3 Nxe4 20. Ncxe4 f5 21. Rhe1 fxe4 22. Nxe4 Qc6 23. Bg1 Rxd1+ 24. Qxd1 Rd8 25. Qc1 Rd5 26. a3 b4 27. axb4 cxb4 28. c3 Rb5 29. c4 Ra5 30. Qc2 h5 31. g5 Rf5 32. Nf6 Bxf6 33. gxf6 Rxf6 34. Bd4 Rxf4 35. Be5 Rxc4 36. Qxg6 Qd7 37. Rf1 Bd5 38. Rf8+ Kb7 39. Rb8+ Kc6 40. Qg1 Be4+ 0-1

[Event "Pardubice Czech op-A 34th"]
[Site "Pardubice"]
[Date "2023.07.26"]
[Round "6"]
[White "Chyzy, Jakub"]
[Black "Makhnev, Denis"]
[Result "1/2-1/2"]
[WhiteElo "2242"]
[BlackElo "2454"]
[PlyCount "129"]
[EventDate "2023.07.21"]
[EventType "swiss"]
[EventRounds "9"]
[EventCountry "CZE"]
[SourceTitle "CBM 215 Extra"]
[Source "ChessBase"]
[SourceDate "2023.09.30"]
[SourceVersion "1"]
[SourceVersionDate "2023.09.30"]
[SourceQuality "1"]

1. e4 e5 2. Nf3 Nc6 3. Bb5 a6 4. Ba4 Nf6 5. 0-0 Be7 6. Re1 b5 7. Bb3 0-0 8. d4 Nxd4 9. Nxd4 exd4 10. e5 Ne8 11. Qxd4 c5 12. Qe4 Rb8 13. c3 Bb7 14. Bd5 Bxd5 15. Qxd5 Nc7 16. Qf3 f6 17. exf6 Bxf6 18. Bf4 Bh4 19. g3 Bg5 20. Bxc7 Rxf3 21. Bxd8 Rxd8 22. Re2 d5 23. Nd2 Rf5 24. Nb3 d4 25. cxd4 cxd4 26. f4 Bf6 27. Rd1 Kf7 28. Kg2 g5 29. fxg5 Rxg5 30. Nc1 h5 31. Nd3 h4 32. Rc1 hxg3 33. Rc7+ Kg8 34. hxg3 Bg7 35. b4 Bf8 36. Rc6 Bd6 37. Kh1 Kf7 38. Rf2+ Ke6 39. Rf3 Kd5 40. Rxa6 Bxg3 41. Kg2 Bf4+ 42. Kf1 Be3 43. Rff6 Rh8 44. Nf2 Rc8 45. Rad6+ Kc4 46. Rc6+ Rxc6 47. Rxc6+ Kxb4 48. Nd3+ Ka5 49. Rc8 Kb6 50. Nb4 Bd2 51. a3 Kb7 52. Rd8 Bc3 53. Ke2 Rg2+ 54. Kd3 Rg3+ 55. Kc2 Rg2+ 56. Kd3 Bb2 57. Rd7+ Kb6 58. Rd6+ Kc7 59. Rd5 Rg3+ 60. Kc2 Bxa3 61. Rxb5 Bxb4 62. Rxb4 Kc6 63. Rxd4 Rg2+ 64. Rd2 Rxd2+ 65. Kxd2 1/2-1/2

[Event "Pardubice Czech op-A 34th"]
[Site "Pardubice"]
[Date "2023.07.25"]
[Round "5"]
[White "Sorensen, Hampus"]
[Black "Chyzy, Jakub"]
[Result "1/2-1/2"]
[WhiteElo "2474"]
[BlackElo "2242"]
[PlyCount "88"]
[EventDate "2023.07.21"]
[EventType "swiss"]
[EventRounds "9"]
[EventCountry "CZE"]
[SourceTitle "CBM 215 Extra"]
[Source "ChessBase"]
[SourceDate "2023.09.30"]
[SourceVersion "1"]
[SourceVersionDate "2023.09.30"]
[SourceQuality "1"]

1. d4 Nf6 2. c4 e6 3. Nc3 Bb4 4. e3 0-0 5. Bd3 d5 6. Nge2 b6 7. a3 Be7 8. cxd5 exd5 9. b4 a6 10. Nf4 Bb7 11. 0-0 Bd6 12. Bb2 Bxf4 13. exf4 Qd6 14. Ne2 b5 15. Bc1 Nbd7 16. f5 Nb6 17. Bf4 Qc6 18. Rb1 Nc4 19. Rb3 a5 20. Ng3 axb4 21. axb4 Ra3 22. Rxa3 Nxa3 23. Re1 Re8 24. Rxe8+ Nxe8 25. Qe1 Kf8 26. Nh5 f6 27. Qa1 Qa6 28. Bc1 Nc4 29. Qc3 Bc8 30. Nf4 c6 31. g4 Ned6 32. f3 Qa7 33. Kg2 Qe7 34. Bc2 Kf7 35. Kf2 Qa7 36. Nd3 Kf8 37. Bf4 Nb7 38. Bc1 Nbd6 39. Nc5 Nb7 40. Nb3 Qb8 41. Kg2 Qa8 42. Bb1 Bd7 43. Nd2 Qe8 44. Kf2 Qb8 1/2-1/2

[Event "Wch U18 blitz"]
[Site "Batumi"]
[Date "2023.06.11"]
[Round "8"]
[White "Chyzy, Jakub"]
[Black "Sahakyan, Aleks"]
[Result "0-1"]
[WhiteElo "2175"]
[BlackElo "2275"]
[PlyCount "92"]
[EventDate "2023.06.10"]
[EventType "swiss (blitz)"]
[EventRounds "11"]
[EventCountry "GEO"]
[SourceTitle "EXT 2024"]
[Source "ChessBase"]
[SourceDate "2023.10.10"]
[SourceVersion "1"]
[SourceVersionDate "2023.10.10"]
[SourceQuality "1"]
[WhiteTeam "Poland"]
[BlackTeam "Armenia"]
[WhiteTeamCountry "POL"]
[BlackTeamCountry "ARM"]

1. e4 c5 2. Nf3 e6 3. d4 cxd4 4. Nxd4 Nf6 5. Bd3 Nc6 6. Nb3 Qc7 7. Nc3 a6 8. 0-0 b5 9. f4 d6 10. Bd2 Be7 11. Kh1 Bb7 12. Qf3 0-0 13. a3 Rfc8 14. Qh3 Bf8 15. Rae1 h6 16. e5 dxe5 17. fxe5 Nxe5 18. Bf4 Bd6 19. Qg3 Nh5 20. Qf2 Nxf4 21. Be4 Bxe4 22. Nxe4 Nfg6 23. Nd4 Bc5 24. Nxc5 Qxc5 25. Re4 Rf8 26. c3 Qd5 27. Re2 Nc6 28. Nf3 e5 29. Rd2 Qe6 30. Qc5 Rad8 31. Re2 Qd5 32. Qb6 e4 33. Ng1 Nce5 34. Qxa6 Qd3 35. Qb6 Rd6 36. Qc7 Rc6 37. Qb7 Rd8 38. Rfe1 f5 39. Nh3 Rf6 40. Qc7 Rd7 41. Qc8+ Kh7 42. Re3 Qd2 43. R3e2 Qd5 44. Qe8 Ng4 45. Nf2 Qe5 46. Nxg4 Qxe8 0-1

[Event "Wch U18 blitz"]
[Site "Batumi"]
[Date "2023.06.10"]
[Round "5"]
[White "Badacsonyi, Frankie"]
[Black "Chyzy, Jakub"]
[Result "0-1"]
[WhiteElo "1955"]
[BlackElo "2175"]
[PlyCount "94"]
[EventDate "2023.06.10"]
[EventType "swiss (blitz)"]
[EventRounds "11"]
[EventCountry "GEO"]
[SourceTitle "EXT 2024"]
[Source "ChessBase"]
[SourceDate "2023.10.10"]
[SourceVersion "1"]
[SourceVersionDate "2023.10.10"]
[SourceQuality "1"]
[WhiteTeam "England"]
[BlackTeam "Poland"]
[WhiteTeamCountry "ENG"]
[BlackTeamCountry "POL"]

1. d4 Nf6 2. c4 d6 3. Nf3 Nbd7 4. g3 e5 5. dxe5 dxe5 6. Nc3 Be7 7. Bg2 0-0 8. 0-0 c6 9. b3 Ne8 10. Bb2 Nc7 11. Qd2 f5 12. Rfd1 Qe8 13. e3 Ne6 14. Ne2 Bf6 15. Qd6 Ng5 16. Nxg5 Bxg5 17. Qd2 f4 18. exf4 exf4 19. Nxf4 Bxf4 20. gxf4 Nf6 21. Ba3 Rf7 22. Qd8 Bg4 23. Qxe8+ Rxe8 24. Re1 Rd8 25. f3 Bf5 26. Rad1 Rfd7 27. Rxd7 Rxd7 28. Kf2 Kf7 29. Re2 Nh5 30. Bc1 Rd1 31. Re1 Rxe1 32. Kxe1 Bb1 33. a3 Ba2 34. b4 Bxc4 35. Kf2 Kf6 36. Bh3 Be6 37. Bf1 Bf5 38. Bb2+ Ke7 39. Ke3 Nf6 40. Bc4 g6 41. Bb3 Be6 42. Bd1 Nd5+ 43. Ke4 Bf5+ 44. Ke5 Ne3 45. Bb3 Nf1 46. h4 Nd2 47. Bg8 Nxf3# 0-1

[Event "Wch U18 rapid"]
[Site "Batumi"]
[Date "2023.06.08"]
[Round "11"]
[White "Delport, Ben"]
[Black "Chyzy, Jakub"]
[Result "0-1"]
[WhiteElo "1237"]
[BlackElo "2237"]
[PlyCount "64"]
[EventDate "2023.06.06"]
[EventType "swiss (rapid)"]
[EventRounds "11"]
[EventCountry "GEO"]
[SourceTitle "CBM 214 Extra"]
[Source "ChessBase"]
[SourceDate "2023.07.31"]
[SourceVersion "1"]
[SourceVersionDate "2023.07.31"]
[SourceQuality "1"]

1. d4 Nf6 2. c4 d6 3. Nc3 Nbd7 4. e4 e5 5. d5 Nc5 6. Nf3 Ncxe4 7. Nxe4 Nxe4 8. Bd3 Nc5 9. Bc2 a5 10. Be3 b6 11. Qd2 Be7 12. h3 0-0 13. 0-0 f5 14. Ne1 f4 15. Bxc5 bxc5 16. f3 Bg5 17. Nd3 Bh4 18. a3 Qg5 19. Nf2 Bxf2+ 20. Kxf2 Qg3+ 21. Kg1 Bxh3 22. Qf2 Bf5 23. Bxf5 Rxf5 24. Qxg3 fxg3 25. Rae1 Raf8 26. Re4 Rf4 27. Rfe1 Rxe4 28. Rxe4 Rf4 29. Kf1 Rxe4 30. fxe4 g5 31. b4 cxb4 32. axb4 axb4 0-1

[Event "Wch U18 rapid"]
[Site "Batumi"]
[Date "2023.06.07"]
[Round "5"]
[White "Chyzy, Jakub"]
[Black "Gongliashvili, Zurab"]
[Result "0-1"]
[WhiteElo "2237"]
[BlackElo "1765"]
[PlyCount "68"]
[EventDate "2023.06.06"]
[EventType "swiss (rapid)"]
[EventRounds "11"]
[EventCountry "GEO"]
[SourceTitle "CBM 214 Extra"]
[Source "ChessBase"]
[SourceDate "2023.07.31"]
[SourceVersion "1"]
[SourceVersionDate "2023.07.31"]
[SourceQuality "1"]

1. b3 d5 2. Bb2 c5 3. e3 Nc6 4. f4 Nf6 5. Nf3 Bg4 6. Bb5 Qb6 7. Bxc6+ Qxc6 8. 0-0 Bxf3 9. Qxf3 e6 10. d3 Bd6 11. Nd2 0-0-0 12. a3 Kb8 13. a4 Qc7 14. e4 c4 15. e5 c3 16. exd6 Qb6+ 17. Kh1 cxb2 18. Ra2 Qd4 19. Rb1 Qc3 20. Qd1 Qd4 21. Qf3 Qc3 22. Qd1 Qb4 23. c4 Qxd6 24. Qf3 dxc4 25. bxc4 Qxd3 26. Raxb2 Qxf3 27. Nxf3 Rd7 28. Ne5 Rc7 29. a5 Ne4 30. Re1 Nd6 31. c5 Nc8 32. c6 f6 33. Nd7+ Ka8 34. Reb1 Nd6 0-1

[Event "POL-ch U18"]
[Site "Jastrzebia Gora"]
[Date "2023.??.??"]
[Round "8"]
[White "Chyzy, Jakub"]
[Black "Ciszewski, Krzysztof"]
[Result "1-0"]
[WhiteElo "2250"]
[BlackElo "2047"]
[PlyCount "89"]
[EventDate "2023.03.11"]
[EventType "swiss"]
[EventRounds "9"]
[EventCountry "POL"]
[SourceTitle "CBM 213 Extra"]
[Source "ChessBase"]
[SourceDate "2023.05.31"]
[SourceVersion "1"]
[SourceVersionDate "2023.05.31"]
[SourceQuality "1"]

1. e4 c5 2. Nf3 d6 3. d4 cxd4 4. Nxd4 Nf6 5. Nc3 a6 6. Be2 e5 7. Nb3 Be7 8. 0-0 0-0 9. Qd3 b5 10. a4 b4 11. Nd5 Nxd5 12. Qxd5 Ra7 13. Be3 Be6 14. Qd2 Rb7 15. a5 Qc8 16. Bb6 Qc6 17. Rfd1 Bc4 18. Bg4 Be6 19. Be2 Bc4 20. Bxc4 Qxc4 21. Ra4 Qxe4 22. Rxb4 Qc6 23. h3 Nd7 24. Be3 Rxb4 25. Qxb4 Rb8 26. Qd2 Nf6 27. Qd3 Qb5 28. Qf5 g6 29. Qf3 Qc4 30. Rd2 Ne4 31. Re2 f5 32. Bb6 Rc8 33. Kh2 Qc6 34. Qd3 Nf6 35. Qxa6 Nd5 36. Rd2 Nxb6 37. axb6 Rb8 38. Qa7 Qb7 39. Na5 Qxb6 40. Qxe7 Qxa5 41. Rxd6 Qa4 42. Qe6+ Kf8 43. Qxe5 Re8 44. Qh8+ Ke7 45. Qf6# 1-0